000 00507nam a2200193Ia 4500
008 151121s9999||||xx |||||||||||||| ||und||
082 _a923ред173/WAR
082 _bHNW-28350
100 _aWarren Sidney
245 4 _aThe President As World Leader
260 _b"Scientific Book Agency, Calcutta"
260 _c--
300 _a480
600 _aWarren Sidney
630 _aThe President As World Leader
700 _aWarren Sidney
730 _aThe President As World Leader
942 _cBOOK
999 _c1223864
_d1223861